Library of the University of Algiers 3
Ibrahim Sultan Cheibout
شعار جامعة الجزائر 3
مكتبة جامعة الجزائر 3
إبراهيم سلطان شيبوط

ادارة الموارد البشرية / (رقم التسجيلة. 42860)

تفاصيل مارك
000 -LEADER
fixed length control field 00862nam a2200217Ia 4500
003 - CONTROL NUMBER IDENTIFIER
control field Ost
005 - DATE AND TIME OF LATEST TRANSACTION
control field 20260507075109.0
008 - FIXED-LENGTH DATA ELEMENTS--GENERAL INFORMATION
fixed length control field 260507s9999||||xx |||||||||||||| ||und||
040 ## - CATALOGING SOURCE
Transcribing agency fsecg
041 ## - LANGUAGE CODE
Language code of text/sound track or separate title ara
082 ## - DEWEY DECIMAL CLASSIFICATION NUMBER
Classification number 330
100 ## - MAIN ENTRY--PERSONAL NAME
Personal name كامل، مصطفى مصطفى
Relator term مؤلف
245 #0 - TITLE STATEMENT
Title ادارة الموارد البشرية /
Statement of responsibility, etc. مصطفى مصطفى كامل
260 ## - PUBLICATION, DISTRIBUTION, ETC.
Place of publication, distribution, etc. القاهرة:
Name of publisher, distributor, etc. الشركة العربية للنشر والتوزيع,
Date of publication, distribution, etc. 1994
300 ## - PHYSICAL DESCRIPTION
Dimensions 23 سم
520 ## - SUMMARY, ETC.
Summary, etc. في هذا الكتاب : مدخل مفاهمي . التحليل التنظيمي ، السلوك التنظيمي علاقات العمل :الصراع والتغيير ، ادارة الأفراد العلاقات الصناعية
653 ## - INDEX TERM--UNCONTROLLED
Uncontrolled term ادارة
653 ## - INDEX TERM--UNCONTROLLED
Uncontrolled term الأفراد
653 ## - INDEX TERM--UNCONTROLLED
Uncontrolled term موارد بشرية
942 ## - ADDED ENTRY ELEMENTS (KOHA)
Koha item type كتب
المقتنيات
Withdrawn status Lost status Source of classification or shelving scheme Damaged status Not for loan Home library Current library Date acquired Serial enumeration / chronology Inventory number Total checkouts Full call number Barcode Date last seen Price effective from Koha item type
    Dewey Decimal Classification   NOT LOAN / إعارة داخلية مكتبة كلية العلوم الإقتصادية والعلوم التجارية وعلوم التسيير مكتبة كلية العلوم الإقتصادية والعلوم التجارية وعلوم التسيير 07/05/2026 الطابق الأرضي 1444/1   أ/1444ن1 1444/1 07/05/2026 07/05/2026 كتب

موارد الويب المفتوحة


© University of Algiers 3 All Rights Reserved
|
Implemented by LECHELAH Riad